000 00509cam a2200205ua 4500
001 1850
005 20260515113417.0
008 110811n ii |||gr||||Z||||||asm
020 _a81-7339-099-1
040 _cMAIN
082 _a370.54
100 _aSharna, Tarun Kr.,
245 1 _aAdhunik Bharatar Shiksha
_cby Tarun Kr. Sharma
250 _a1st.
260 _aDibrugarh:
_bBanalata,995.
_aGuahati:
300 _a470p:
_c23cm.
653 _aEducation
653 _aAdhunik Bharatar Shiksha
942 _cBK
999 _c1731
_d1731